00000000cam 2200000zi 4500
0019.945352
003CaOODSP
00520251229082417
006m     o  d f      
007cr mn|||||||||
008241120e20241119onc     ob   f000 0 fre d
040 |aCaOODSP|bfre|erda|cCaOODSP
043 |an-cn---
0861 |aH113-25/2024-11F-PDF
24500|aFongicide Pyriofénone 300SC, contenant de la pyriofénone.
264 1|aOttawa (Ontario) : |bSanté Canada = Health Canada, |c19 novembre 2024.
264 4|c©2024
300 |a1 ressource en ligne (11 pages).
336 |atexte|btxt|2rdacontent/fre
337 |ainformatique|bc|2rdamedia/fre
338 |aressource en ligne|bcr|2rdacarrier/fre
4901 |aDécision d'homologation, |x1925-0924 ; |vRD2024-11
500 |aPublié aussi en anglais sous le titre : Pyriofenone 300 SC fungicide, containing pyriofenone.
500 |a« Ce document est publié par l'Agence de réglementation de la lutte antiparasitaire de Santé Canada. »
504 |aComprend des références bibliographiques.
650 6|aFongicides|xCertification|zCanada.
650 6|aFongicides|xÉvaluation du risque|zCanada.
650 6|aFongicides|xAspect sanitaire.
650 6|aFongicides|xAspect de l'environnement.
7101 |aCanada. |bAgence de réglementation de la lutte antiparasitaire, |eorganisme de publication.
77508|tPyriofenone 300 SC fungicide, containing pyriofenone.|w(CaOODSP)9.945351
830#0|aDécision d'homologation ;|vRD2024-11.|w(CaOODSP)9.501583
85640|qPDF|s557 Ko|uhttps://publications.gc.ca/collections/collection_2024/sc-hc/h113-25/H113-25-2024-11-fra.pdf
8564 |qHTML|sS.O.|uhttps://www.canada.ca/fr/sante-canada/services/securite-produits-consommation/rapports-publications/pesticides-lutte-antiparasitaire/decisions-mises-jour/decision-homologation/2024/fongicide-pyriofenone-300sc.html